| 000 | 00438nam a2200193Ia 4500 | ||
|---|---|---|---|
| 003 | OSt | ||
| 005 | 20251103130210.0 | ||
| 008 | 250729s2005 xx 000 0 und d | ||
| 020 | _a9788176250405 | ||
| 040 | _cAL | ||
| 041 | _aeng | ||
| 082 | _a421.52 DAVC | ||
| 100 |
_aDavidson G _9223754 |
||
| 245 | _aCorrect english spelling | ||
| 260 |
_aNew Delhi _c2005 |
||
| 300 | _a277p | ||
| 650 |
_aEnglish _9223755 |
||
| 942 |
_2ddc _cBED |
||
| 999 |
_c236066 _d236066 |
||